|
|
|
|
| LEADER |
00000nam0a2200000 4500 |
| 001 |
200156 |
| 005 |
20231101224933.0 |
| 010 |
|
|
|a 9785769555244
|
| 035 |
|
|
|a (RuTPU)RU\TPU\book\218217
|
| 035 |
|
|
|a RU\TPU\book\126736
|
| 090 |
|
|
|a 200156
|
| 100 |
|
|
|a 20070530d2010 m y0rusy50 ca
|
| 101 |
0 |
|
|a rus
|
| 102 |
|
|
|a RU
|
| 105 |
|
|
|a a j 001zy
|
| 200 |
1 |
|
|a Экологическая экспертиза
|e учебное пособие
|f под ред. В. М. Питулько
|
| 205 |
|
|
|a 5-е изд., перераб. и доп.
|
| 210 |
|
|
|a Москва
|c Академия
|d 2010
|
| 215 |
|
|
|a 528 с.
|c ил.
|
| 225 |
1 |
|
|a Высшее профессиональное образование. Естественные науки
|
| 320 |
|
|
|a Библиогр.: с. 463-465.
|
| 330 |
|
|
|a Рассмотрены теория, методика и практические приемы геоэкологического обоснования хозяйственной деятельности, а также принципы проектирования природоохранных и защитных объектов. Подробно изложены процедуры оценки воздействия на окружающую среду и экологической экспертизы, являющиеся основными инструментами экологического сопровождения планируемой хозяйственной деятельности в Российской Федерации. Для студентов высших учебных заведений.
|
| 451 |
|
1 |
|0 (RuTPU)RU\TPU\book\126736
|y 5-7695-3437-0
|t Экологическая экспертиза
|o учебное пособие
|f под ред. В. М. Питулько
|e 4-е изд., стер.
|c М.
|n Академия
|d 2006
|p 477 с.
|s Высшее профессиональное образование. Естественные науки
|
| 606 |
1 |
|
|a Экологическая экспертиза
|2 stltpush
|3 (RuTPU)RU\TPU\subj\39009
|9 59251
|
| 610 |
1 |
|
|a нормативно-правовое обеспечение
|
| 610 |
1 |
|
|a проектная документация
|
| 610 |
1 |
|
|a предпроектная документация
|
| 610 |
1 |
|
|a экологическое обоснование
|
| 610 |
1 |
|
|a экологическая защита
|
| 610 |
1 |
|
|a окружающая среда
|
| 610 |
1 |
|
|a промышленные предприятия
|
| 610 |
1 |
|
|a охрана
|
| 610 |
1 |
|
|a Россия
|
| 610 |
1 |
|
|a планируемая хозяйственная деятельность
|
| 610 |
1 |
|
|a экологическое сопровождение
|
| 610 |
1 |
|
|a ОВОС
|
| 610 |
1 |
|
|a оценка воздействия на окружающую среду
|
| 610 |
1 |
|
|a государственная экологическая экспертиза
|
| 610 |
1 |
|
|a стратегическая экологическая оценка
|
| 610 |
1 |
|
|a общественная экологическая экспертиза
|
| 610 |
1 |
|
|a государственный экологический контроль
|
| 610 |
1 |
|
|a учебные пособия
|
| 675 |
|
|
|a 504.064(075.8)
|v 3
|
| 702 |
|
1 |
|a Питулько
|b В. М.
|g Виктор Михайлович
|4 340
|
| 801 |
|
1 |
|a RU
|b 63413507
|c 20110902
|
| 801 |
|
2 |
|a RU
|b 63413507
|c 20150430
|g RCR
|
| 900 |
|
|
|a Экологическая экспертиза
|
| 942 |
|
|
|c BK
|
| 952 |
|
|
|b 022000
|
| 959 |
|
|
|a 71/20110830
|d 5
|e 464,20
|f ЧЗТЛ:1
|f АНЛ:1
|f УФ:3
|
| 959 |
|
|
|a 64/20120420
|d 10
|e 464,20
|f УФ:10
|